| 000 | 00382nam a22001457a 4500 | ||
|---|---|---|---|
| 005 | 20151104110057.0 | ||
| 008 | 151104b xxu||||| |||| 00| 0 eng d | ||
| 040 | _cPK-LaUMT | ||
| 082 |
_aKHC 303.483 _bBER-I |
||
| 100 | _aBertrand Russell | ||
| 245 |
_aThe impact of science of society _cBertrand Russell |
||
| 260 |
_aLondon _bGeorge allen _c1959 |
||
| 300 | _a140 p. | ||
| 942 | _cBK | ||
| 999 |
_c78693 _d78693 |
||